| 000 -LEADER |
| fixed length control field |
01476nam a2200313Ia 4500 |
| 001 - CONTROL NUMBER |
| control field |
21357 |
| 003 - CONTROL NUMBER IDENTIFIER |
| control field |
GE_BSU |
| 005 - DATE AND TIME OF LATEST TRANSACTION |
| control field |
20210909182500.0 |
| 008 - FIXED-LENGTH DATA ELEMENTS--GENERAL INFORMATION |
| fixed length control field |
181216s2017||||ru |||||||||||||| ||rus|| |
| 020 ## - INTERNATIONAL STANDARD BOOK NUMBER |
| International Standard Book Number |
9785394027918 |
| 040 ## - CATALOGING SOURCE |
| Transcribing agency |
GE_BSU |
| 080 ## - UNIVERSAL DECIMAL CLASSIFICATION NUMBER |
| Universal Decimal Classification number |
327.7 М-43 |
| 245 ## - TITLE STATEMENT |
| Title |
Международные организации и урегулирование конфликтов : |
| Remainder of title |
Учебное пособие / |
| Statement of responsibility, etc. |
В. А. Аватков, В. И. Винокуров, С.В. Воробьев и др. ; Ред. Закаурцева Т. А. Каширина Т. В. и др. |
| 264 ## - PRODUCTION, PUBLICATION, DISTRIBUTION, MANUFACTURE, AND COPYRIGHT NOTICE |
| Place of production, publication, distribution, manufacture |
Москва : |
| Name of producer, publisher, distributor, manufacturer |
"Дашков и К", |
| Date of production, publication, distribution, manufacture, or copyright notice |
2017. |
| 300 ## - PHYSICAL DESCRIPTION |
| Extent |
187 стр. ; |
| Dimensions |
22 см. |
| 500 ## - GENERAL NOTE |
| General note |
Библиогр. после каждой главы |
| 653 ## - INDEX TERM--UNCONTROLLED |
| keyword |
Международные организации и урегулирование конфликтов |
| 653 ## - INDEX TERM--UNCONTROLLED |
| keyword |
Политика |
| 653 ## - INDEX TERM--UNCONTROLLED |
| keyword |
პოლიტიკა |
| 653 ## - INDEX TERM--UNCONTROLLED |
| keyword |
საერთაშორისო ორგანიზაციები |
| 700 ## - ADDED ENTRY--PERSONAL NAME |
| Personal name |
Аватков, В. А. |
| Titles and other words associated with a name |
Автор |
| 9 (RLIN) |
12427 |
| 700 ## - ADDED ENTRY--PERSONAL NAME |
| Personal name |
Винокуров, В. И. |
| Titles and other words associated with a name |
Автор |
| 9 (RLIN) |
12428 |
| 700 ## - ADDED ENTRY--PERSONAL NAME |
| Personal name |
Воробьев, С. В. |
| Titles and other words associated with a name |
Автор |
| 9 (RLIN) |
12429 |
| 700 ## - ADDED ENTRY--PERSONAL NAME |
| Personal name |
Закаурцева, Т.А. |
| Titles and other words associated with a name |
Редактор |
| 9 (RLIN) |
12430 |
| 700 ## - ADDED ENTRY--PERSONAL NAME |
| Personal name |
Каширина, Т. В. |
| Titles and other words associated with a name |
Редактор |
| 9 (RLIN) |
12431 |
| 710 ## - ADDED ENTRY--CORPORATE NAME |
| Corporate name or jurisdiction name as entry element |
Дипломатическая академия МИД РФ |
| 9 (RLIN) |
12432 |
| 942 ## - ADDED ENTRY ELEMENTS (KOHA) |
| Koha item type |
წიგნი |
| Source of classification or shelving scheme |
|